Central Library OPAC University of Rajshahi
Normal view MARC view

Entry Geographic Name

Number of records used in: 2

001 - CONTROL NUMBER

  • control field: 17987

003 - CONTROL NUMBER IDENTIFIER

  • control field: BD-RjUL

005 - DATE AND TIME OF LATEST TRANSACTION

  • control field: 20260402120251.0

008 - FIXED-LENGTH DATA ELEMENTS

  • fixed length control field: 260402|| aca||aabn | a|a d

040 ## - CATALOGING SOURCE

  • Original cataloging agency: BD-RjUL
  • Transcribing agency: BD-RjUL

151 ## - HEADING--GEOGRAPHIC NAME

  • Geographic name: États-Unis
  • General subdivision: Relations extérieures
  • Geographic subdivision: Chine
  • Chronological subdivision: 21e siècle

670 ## - SOURCE DATA FOUND

  • Source citation: Work cat.: (BD-RjUL)86306: Rudd, Kevin, 1957- author. aut 17983, The avoidable war :